Topographie der Stadt Rom. / (Record no. 127423)
[ view plain ]
| 000 -LEADER | |
|---|---|
| campo de control de longitud fija | 00703nam a2200193 4500 |
| 001 - NÚMERO DE CONTROL | |
| campo de control | 127423 |
| 003 - IDENTIFICADOR DE NÚMERO DE CONTROL | |
| campo de control | ES-MaACL |
| 005 - FECHA Y HORA DE LA ÚLTIMA TRANSACCIÓN | |
| campo de control | 20260201174912.0 |
| 007 - CAMPO FIJO DE DESCRIPCIÓN FÍSICA--INFORMACIÓN GENERAL | |
| campo de control de longitud fija | t| |
| 008 - DATOS DE LONGITUD FIJA--INFORMACIÓN GENERAL | |
| campo de control de longitud fija | 070214s1901 gw r ||||1| ger d |
| 100 1# - ENTRADA PRINCIPAL--NOMBRE DE PERSONA | |
| Nombre de persona | Richter, Otto. |
| 9 (RLIN) | 96984 |
| 245 10 - MENCIÓN DEL TÍTULO | |
| Título | Topographie der Stadt Rom. / |
| Mención de responsabilidad, etc. | von prof. Otto Richter. |
| 260 ## - PUBLICACIÓN, DISTRIBUCIÓN, ETC. | |
| Lugar de publicación, distribución, etc. | München : |
| Nombre del editor, distribuidor, etc. | [s. n.], |
| Fecha de publicación, distribución, etc. | 1901 ( |
| Lugar de fabricación/manufactura | Nördlingen : |
| Fabricante | C. H. Beck'sche Verlagsbuchhandlung, Oskar Beck) |
| 300 ## - DESCRIPCIÓN FÍSICA | |
| Extensión | 411 p., 18 lám. : |
| Otras características físicas | 32 il. ; |
| Dimensiones | 25 cm + |
| Material acompañante/anejo | 2 plan. |
| 490 1# - MENCIÓN DE SERIE | |
| Mención de serie | Handbuch der Klassischen Altertums-Wissenschaft ; |
| Designación de volumen o secuencia | 3,3,2 |
| 830 0# - PUNTO DE ACCESO ADICIONAL DE SERIE-TÍTULO UNIFORME | |
| Título uniforme | Handbuch der Klassischen Altertums-Wissenschaft |
| Designación de volumen o secuencia | 3,3,2 |
| 9 (RLIN) | 187502 |
| 852 ## - LOCALIZACIÓN | |
| Ubicación | ES-MaACL |
| Número de control de estantería | F-15189 |
| Estatus retirado | Estado de pérdida | Estado de daño | No para préstamo | Biblioteca de origen | Biblioteca actual | Ubicación en estantería | Fecha de adquisición | Fuente de adquisición | Total de préstamos | Signatura topográfica completa | Código de barras | Visto por última vez | Precio de reemplazo | Tipo de ítem Koha |
|---|---|---|---|---|---|---|---|---|---|---|---|---|---|---|
| Biblioteca del Ateneo de Madrid | Biblioteca del Ateneo de Madrid | Sala Pecera Planta 2 | 17/01/2008 | F-15189 | 1132717 | 23/02/2023 | 23/02/2023 | Libro impreso antiguo |
